Municipios españoles por forma y pista #1 - Estadísticas

Estadísticas generales
  • Esta prueba ha sido intentada 10 veces
  • La puntuación promedio es 7 de 12
Estadísticas de respuestas
Imagen Hint Respuesta % Correcto
Extremadura Cáceres
100%
Madrid Madrid
100%
Comunidad Valenciana Valencia
100%
Aragón Zaragoza
100%
Cataluña Barcelona
78%
Andalucía Córdoba
56%
Castilla-La Mancha Albacete
44%
Andalucía Jerez de la Frontera
44%
Castilla-La Mancha Cuenca
33%
Murcia Jumilla
33%
Castilla y León Treviño
33%
Aragón Albarracín
22%
No se encontraron pruebas coincidentes
Distribución de puntuación
Porcentaje de gente con cada puntuación
Porcentaje por número respondido
Historial de tus puntuaciones
No has intentado esta prueba.